Theory of Plates and Shells (Record no. 298740)

000 -LEADER
fixed length control field 00287 a2200121 4500
001 - CONTROL NUMBER
control field 63667
082 ## - DEWEY DECIMAL CLASSIFICATION NUMBER
Classification number 624.1776 TIM
090 ## - LOCALLY ASSIGNED LC-TYPE CALL NUMBER (OCLC); LOCAL CALL NUMBER (RLIN)
-- 37667
-- 37667
100 ## - MAIN ENTRY--PERSONAL NAME
Personal name Timoshenko S
245 ## - TITLE STATEMENT
Title Theory of Plates and Shells
Medium English
260 ## - PUBLICATION, DISTRIBUTION, ETC.
Place of publication, distribution, etc. London
Name of publisher, distributor, etc. McGraw-Hill
Date of publication, distribution, etc. 1989
300 ## - PHYSICAL DESCRIPTION
Other physical details 580p
942 ## - ADDED ENTRY ELEMENTS (KOHA)
Institution code [OBSOLETE] NUST-CAE
Call number prefix 624.1776 TIM
Holdings
Withdrawn status Lost status Damaged status Not for loan Collection code Permanent Location Current Location Date acquired Total Checkouts Full call number Barcode Date last seen Price effective from Koha item type
          College of Aeronautical Engineering (CAE) College of Aeronautical Engineering (CAE) 04/03/2017   624.1776 TIM CAEG-3908 04/05/2017 04/05/2017 Book
          College of Aeronautical Engineering (CAE) College of Aeronautical Engineering (CAE) 04/03/2017   624.1776 TIM CAEG-5341 04/05/2017 04/05/2017 Book
          College of Aeronautical Engineering (CAE) College of Aeronautical Engineering (CAE) 04/03/2017   624.1776 TIM CAEG-3909 04/05/2017 04/05/2017 Book
© 2023 Central Library, National University of Sciences and Technology. All Rights Reserved.